Statistiques concernant Les homonymes dans la langue française - lettre O

Cliquez ici pour prendre le quiz!

Statistiques générales

  • Ce quiz a été pris 110 fois
  • Le résultat moyen est 14 sur 16

Statistiques - réponses

MotIndiceHomonyme% Correct
osliquideeau
98%
osélevéhaut
98%
(il) officiaitgradéofficier
98%
ôtantventautan
97%
oeufspronom personneleux
95%
orau delà des limiteshors
95%
(il) ôteil accueillehôte
95%
ouplantehoux
95%
ouateunité de puissancewatt
95%
ouisensouie
92%
ôtantcomparatifautant
91%
(il) ôteélevéehaute
91%
occidentrouillantoxydant
85%
ououtilhoue
71%
ormaintenant (désuet)ores
43%
opaquedanse d'Ukrainehopak
16%

Distribution des résultats

Percentile par nombre de réponses

% des personnes avec chaque résultat

Votre développement - résultats

Vous n’avez pas pris ce quiz